Statistics for Districts of Vienna

Click here to take the quiz!

General Stats

  • This quiz has been taken 385 times
  • The average score is 17 of 23

Answer Stats

HintAnswer% Correct
IInnere Stadt
91%
XVIOttakring
85%
XISimmering
82%
XXIIDonaustadt
81%
XFavoriten
80%
XXIFloridsdorf
80%
IILeopoldstadt
80%
VIMariahilf
80%
IIILandstraße
79%
XIIMeidling
79%
XIIIHietzing
77%
VIIIJosefstadt
76%
VIINeubau
72%
XIXDöbling
71%
VMargareten
71%
IVWieden
69%
IXAlsergrund
68%
XVRudolfsheim-Fünfhaus
68%
XXBrigittenau
66%
XIVPenzing
65%
XVIIIWähring
65%
XXIIILiesing
64%
XVIIHernals
63%

Score Distribution

Percentile by Number Answered

Percent of People with Each Score

Your Score History

You have not taken this quiz